Mediation practice and law: (Record no. 192622)

MARC details
000 -LEADER
fixed length control field 00712nam a22001817a 4500
005 - DATE AND TIME OF LATEST TRANSACTION
control field 20220928120555.0
010 ## - LCCN (DPL NO)
LC control number ENG-135233
020 ## - INTERNATIONAL STANDARD BOOK NUMBER
International Standard Book Number 9788180396862
Terms of availability 995.00
035 ## - SYSTEM CONTROL NUMBER
System control number EN-118765
037 ## - SOURCE OF ACQUISITION
Source of stock number/acquisition DBAD/PUB
082 ## - DEWEY DECIMAL CLASSIFICATION NUMBER
Classification number 303.69
100 ## - MAIN ENTRY--PERSONAL NAME
Personal name Panchu, Sriram
245 ## - TITLE STATEMENT
Title Mediation practice and law:
Remainder of title The path to successful dispute resolution/
Statement of responsibility, etc Sriram Panchu
260 ## - PUBLICATION, DISTRIBUTION, ETC. (IMPRINT)
Place of publication, distribution, etc Gurgaon
Name of publisher, distributor, etc Lexis Nexis Butterworths Wadhwa
Date of publication, distribution, etc 2011
270 ## - ADDRESS
City Gurgaon
Address 14th Floor, Building no. 10, Tower-B, DLF Cyber City, Phase-II
Electronic mail address deshvikaspublications@gmail.com
Postal code 122002
Telephone number 911244774444
Fax number 911244774100
300 ## - PHYSICAL DESCRIPTION
Extent xlvii,509p.
Dimensions 22cm(HB)
Other physical details Appendices, Glossary, Bibliography
942 ## - ADDED ENTRY ELEMENTS (KOHA)
Source of classification or shelving scheme Dewey Decimal Classification
Item type English Books
Call number suffix PAN
Classification part 303.69
Holdings
Withdrawn status Lost status Not for loan Collection code Home library Current library Date acquired Source of acquisition Cost, normal purchase price Full call number Barcode Copy number Cost, replacement price Koha item type
      Non-fiction Bawana Bawana 28/09/2022 DBAD/PUB 995.00 303.69 PAN EN-118765 1 995.00 English Books

© Delhi Public Library
Hit Counter
free hit counter